Cena a kvalitatívna hodnota urbanizovaného prostredia

Trhové vzťahy a územie - ekonomický a lokalizačný faktor. Cena pozemkov, nehnuteľností a územný rozvoj Nedokonalosť trhu s nehnuteľnosťami. Exaktné a komplexné hodnotenie urbanizovaného prostredia.

Salvato in:
Dettagli Bibliografici
Autore principale: Vitková, Ľubica
Natura: Capitolo di libro
Lingua:slovacco
Soggetti:
Tags: Aggiungi Tag
Nessun Tag, puoi essere il primo ad aggiungerne!!

MARC

LEADER 00000naa a2200000 4500
001 r042994
005 20230928074214.0
041 0 |a slo 
044 |a SK 
245 1 0 |a Cena a kvalitatívna hodnota urbanizovaného prostredia  |c Ľubica Vitková 
520 |a Trhové vzťahy a územie - ekonomický a lokalizačný faktor. Cena pozemkov, nehnuteľností a územný rozvoj Nedokonalosť trhu s nehnuteľnosťami. Exaktné a komplexné hodnotenie urbanizovaného prostredia. 
610 2 0 |a urbanizmus 
610 2 0 |a urbanizácia 
610 2 0 |a nehnuteľnosti 
610 2 0 |a hodnota nehnuteľností 
610 2 0 |a hodnota pôdy 
610 2 0 |a rozvoj územný 
100 1 |a Vitková, Ľubica